Hull City League Players Since 2014 - Statistics

General Stats
  • This quiz has been taken 90 times
  • The average score is 134 of 308
Answer Stats
% Correct
2023/24 (Championship - 7th) England CB 26 Alfie Jones 45 1
86%
2022/23 (Championship - 15th) England CB 24 Alfie Jones 40
86%
2021/22 (Championship - 19th) England CB 23 Alfie Jones 23 1
86%
2020/21 (League One - 1st) England CB 22 Alfie Jones 31
86%
2023/24 (Championship - 7th) England CB 23 Jacob Greaves 43 2
86%
2022/23 (Championship - 15th) England CB 21 Jacob Greaves 44 4
86%
2021/22 (Championship - 19th) England CB 20 Jacob Greaves 46
86%
2020/21 (League One - 1st) England CB 19 Jacob Greaves 39
86%
2023/24 (Championship - 7th) Turkey AM 29 Ozan Tufan 37 10
86%
2022/23 (Championship - 15th) Turkey AM 27 Ozan Tufan 42 8
86%
2023/24 (Championship - 7th) England RB 28 Lewie Coyle 40 1
82%
2022/23 (Championship - 15th) England RB 26 Lewie Coyle 41
82%
2021/22 (Championship - 19th) England RB 25 Lewie Coyle 23 1
82%
2020/21 (League One - 1st) England RB 24 Lewie Coyle 28
82%
2023/24 (Championship - 7th) England ST 21 Liam Delap 31 8
82%
2016/17 (Premier League - 18th) Scotland LB 22 Andrew Robertson 33 1
77%
2015/16 (Championship - 4th) Scotland LB 21 Andrew Robertson 42 2
77%
2014/15 (Premier League - 18th) Scotland LB 20 Andrew Robertson 24
77%
2022/23 (Championship - 15th) Wales CM 21 Callum Jones 1
77%
2021/22 (Championship - 19th) Wales CM 20 Callum Jones 2
77%
2020/21 (League One - 1st) Wales CM 19 Callum Jones 1
77%
2023/24 (Championship - 7th) Portugal AM 21 Fabio Carvalho 20 9
77%
2019/20 (Championship - 24th) England RW 22 Jarrod Bowen 29 16
77%
2018/19 (Championship - 13th) England RW 21 Jarrod Bowen 46 22
77%
2017/18 (Championship - 18th) England RW 20 Jarrod Bowen 42 14
77%
2016/17 (Premier League - 18th) England RW 19 Jarrod Bowen 7
77%
2023/24 (Championship - 7th) Ivory Coast DM 32 Jean Michael Seri 39 1
77%
2022/23 (Championship - 15th) Ivory Coast DM 30 Jean Michael Seri 37 1
77%
2023/24 (Championship - 7th) Colombia ST 27 Oscar Estupinan 4
77%
2022/23 (Championship - 15th) Colombia ST 25 Oscar Estupinan 35 13
77%
2023/24 (Championship - 7th) England CM 24 Regan Slater 38 2
77%
2022/23 (Championship - 15th) England CM 22 Regan Slater 44 5
77%
2021/22 (Championship - 19th) England CM 21 Regan Slater 16
77%
2020/21 (League One - 1st) England CM 20 Regan Slater 27 1
77%
2016/17 (Premier League - 18th) England CB 23 Harry Maguire 29 2
73%
2015/16 (Championship - 4th) England CB 22 Harry Maguire 22
73%
2014/15 (Premier League - 18th) England CB 21 Harry Maguire 3
73%
2023/24 (Championship - 7th) England LW 22 Jaden Philogene 32 12
73%
2021/22 (Championship - 19th) England LW 20 Keane Lewis-Potter 46 12
73%
2020/21 (League One - 1st) England LW 19 Keane Lewis-Potter 43 13
73%
2019/20 (Championship - 24th) England LW 18 Keane Lewis-Potter 21 2
73%
2023/24 (Championship - 7th) Netherlands ST 21 Noah Ohio 8 3
73%
2023/24 (Championship - 7th) England LB 24 Ryan Giles 17
73%
2023/24 (Championship - 7th) Mali AM 28 Adama Traore 24 2
68%
2022/23 (Championship - 15th) Mali AM 27 Adama Traore 12 1
68%
2023/24 (Championship - 7th) Scotland CM 27 Greg Docherty 15
68%
2022/23 (Championship - 15th) Scotland CM 25 Greg Docherty 35 1
68%
2021/22 (Championship - 19th) Scotland CM 24 Greg Docherty 40
68%
2020/21 (League One - 1st) Scotland CM 23 Greg Docherty 44 5
68%
2021/22 (Championship - 19th) Wales DM 21 Matt Smith 9
68%
2022/23 (Championship - 15th) England ST 23 Tyler Smith 14 3
68%
2021/22 (Championship - 19th) England ST 22 Tyler Smith 23 1
68%
2023/24 (Championship - 7th) Ireland ST 24 Aaron Connolly 28 8
64%
2022/23 (Championship - 15th) Ireland ST 22 Aaron Connolly 5 2
64%
2017/18 (Championship - 18th) Uruguay ST 26 Abel Hernandez 10 8
64%
2016/17 (Premier League - 18th) Uruguay ST 25 Abel Hernandez 24 4
64%
2015/16 (Championship - 4th) Uruguay ST 24 Abel Hernandez 39 20
64%
2014/15 (Premier League - 18th) Uruguay ST 23 Abel Hernandez 25 4
64%
2017/18 (Championship - 18th) Scotland GK 35 Allan McGregor 44
64%
2015/16 (Championship - 4th) Scotland GK 33 Allan McGregor 44
64%
2014/15 (Premier League - 18th) Scotland GK 32 Allan McGregor 26
64%
2023/24 (Championship - 7th) Morocco LW 23 Anass Zaroury 12 2
64%
2023/24 (Championship - 7th) England CB 22 Andy Smith 1
64%
2019/20 (Championship - 24th) Australia CM 26 Jackson Irvine 35 2
64%
2018/19 (Championship - 13th) Australia CM 25 Jackson Irvine 38 6
64%
2017/18 (Championship - 18th) Australia CM 24 Jackson Irvine 34 2
64%
2023/24 (Championship - 7th) Ireland CB 27 Sean McLoughlin 23
64%
2022/23 (Championship - 15th) Ireland CB 25 Sean McLoughlin 27
64%
2021/22 (Championship - 19th) Ireland CB 24 Sean McLoughlin 32
64%
2020/21 (League One - 1st) Ireland CB 23 Sean McLoughlin 3
64%
2019/20 (Championship - 24th) Ireland CB 22 Sean McLoughlin 7
64%
2023/24 (Championship - 7th) England DM 21 Tyler Morton 39 3
64%
2023/24 (Championship - 7th) Ireland RB 31 Cyrus Christie 27
59%
2022/23 (Championship - 15th) Ireland RB 29 Cyrus Christie 28 3
59%
2023/24 (Championship - 7th) Turkey LW 25 Dogukan Sinik 1
59%
2022/23 (Championship - 15th) Turkey LW 23 Dogukan Sinik 12
59%
2019/20 (Championship - 24th) Poland LW 31 Kamil Grosicki 28 7
59%
2018/19 (Championship - 13th) Poland LW 30 Kamil Grosicki 39 9
59%
2017/18 (Championship - 18th) Poland LW 29 Kamil Grosicki 37 9
59%
2016/17 (Premier League - 18th) Poland LW 28 Kamil Grosicki 15
59%
2023/24 (Championship - 7th) England GK 31 Ryan Allsop 37
59%
2021/22 (Championship - 19th) England DM 34 Tom Huddlestone 11
59%
2016/17 (Premier League - 18th) England DM 29 Tom Huddlestone 31 1
59%
2015/16 (Championship - 4th) England DM 28 Tom Huddlestone 37 2
59%
2014/15 (Premier League - 18th) England DM 27 Tom Huddlestone 31
59%
2016/17 (Premier League - 18th) Egypt RB 28 Ahmed Elmohamady 33
55%
2015/16 (Championship - 4th) Egypt RB 27 Ahmed Elmohamady 41 3
55%
2014/15 (Premier League - 18th) Egypt RB 26 Ahmed Elmohamady 38 2
55%
2023/24 (Championship - 7th) Iran RW 22 Allahyar Sayyadmanesh 6
55%
2022/23 (Championship - 15th) Iran RW 21 Allahyar Sayyadmanesh 19 2
55%
2021/22 (Championship - 19th) Iran RW 20 Allahyar Sayyadmanesh 12 1
55%
2023/24 (Championship - 7th) England ST 38 Billy Sharp 11
55%
2022/23 (Championship - 15th) Australia LB 27 Callum Elder 29
55%
2021/22 (Championship - 19th) Australia LB 26 Callum Elder 28
55%
2020/21 (League One - 1st) Australia LB 25 Callum Elder 44 1
55%
2019/20 (Championship - 24th) Australia LB 24 Callum Elder 30
55%
2016/17 (Premier League - 18th) Sierra Leone CB 31 Curtis Davies 26
55%
2015/16 (Championship - 4th) Sierra Leone CB 30 Curtis Davies 39 2
55%
2014/15 (Premier League - 18th) Sierra Leone CB 29 Curtis Davies 21
55%
2021/22 (Championship - 19th) Northern Ireland ST 30 Josh Magennis 19 2
55%
2020/21 (League One - 1st) Northern Ireland ST 29 Josh Magennis 40 18
55%
2019/20 (Championship - 24th) Northern Ireland ST 28 Josh Magennis 29 4
55%
2023/24 (Championship - 7th) England GK 30 Matt Ingram 10
55%
2022/23 (Championship - 15th) England GK 28 Matt Ingram 22
55%
2021/22 (Championship - 19th) England GK 27 Matt Ingram 29
55%
2020/21 (League One - 1st) England GK 26 Matt Ingram 38
55%
2019/20 (Championship - 24th) England GK 25 Matt Ingram 1
55%
2023/24 (Championship - 7th) England LB 22 Matty Jacob 14
55%
2015/16 (Championship - 4th) Senegal CM 28 Mohamed Diame 38 9
55%
2014/15 (Premier League - 18th) Senegal CM 27 Mohamed Diame 12 4
55%
2016/17 (Premier League - 18th) Scotland RW 28 Robert Snodgrass 20 7
55%
2015/16 (Championship - 4th) Scotland RW 27 Robert Snodgrass 24 4
55%
2014/15 (Premier League - 18th) Scotland RW 26 Robert Snodgrass 1
55%
2023/24 (Championship - 7th) Portugal LB 25 Ruben Vinagre 10
55%
2023/24 (Championship - 7th) Turkey AM 24 Abdulkadir Omur 16
50%
2018/19 (Championship - 13th) Scotland GK 33 David Marshall 43
50%
2017/18 (Championship - 18th) Scotland GK 32 David Marshall 2
50%
2016/17 (Premier League - 18th) Scotland GK 31 David Marshall 16
50%
2016/17 (Premier League - 18th) Switzerland GK 31 Eldin Jakupovic 22
50%
2015/16 (Championship - 4th) Switzerland GK 30 Eldin Jakupovic 2
50%
2014/15 (Premier League - 18th) Switzerland GK 29 Eldin Jakupovic 3
50%
2020/21 (League One - 1st) England GK 26 George Long 8
50%
2019/20 (Championship - 24th) England GK 25 George Long 45
50%
2018/19 (Championship - 13th) England GK 24 George Long 4
50%
2016/17 (Premier League - 18th) England DM 26 Jake Livermore 21 1
50%
2015/16 (Championship - 4th) England DM 25 Jake Livermore 34 4
50%
2014/15 (Premier League - 18th) England DM 24 Jake Livermore 35 1
50%
2017/18 (Championship - 18th) England CB 33 Michael Dawson 40 3
50%
2016/17 (Premier League - 18th) England CB 32 Michael Dawson 22 3
50%
2015/16 (Championship - 4th) England CB 31 Michael Dawson 32 1
50%
2014/15 (Premier League - 18th) England CB 30 Michael Dawson 28 1
50%
2017/18 (Championship - 18th) England CM 26 Sam Clucas 3
50%
2016/17 (Premier League - 18th) England CM 25 Sam Clucas 37 3
50%
2015/16 (Championship - 4th) England CM 24 Sam Clucas 44 6
50%
2021/22 (Championship - 19th) England ST 29 Tom Eaves 31 5
50%
2020/21 (League One - 1st) England ST 28 Tom Eaves 26 4
50%
2019/20 (Championship - 24th) England ST 27 Tom Eaves 40 5
50%
2023/24 (Championship - 7th) England ST 18 Tyrell Sellars-Fleming 2
50%
2017/18 (Championship - 18th) Ireland CM 28 David Meyler 25 5
45%
2016/17 (Premier League - 18th) Ireland CM 27 David Meyler 20 1
45%
2015/16 (Championship - 4th) Ireland CM 26 David Meyler 26 2
45%
2014/15 (Premier League - 18th) Ireland CM 25 David Meyler 28 1
45%
2018/19 (Championship - 13th) Brazil AM 31 Evandro 23 3
45%
2017/18 (Championship - 18th) Brazil AM 30 Evandro 8 1
45%
2016/17 (Premier League - 18th) Brazil AM 29 Evandro 11
45%
2021/22 (Championship - 19th) England AM 26 George Honeyman 35 5
45%
2020/21 (League One - 1st) England AM 25 George Honeyman 42 4
45%
2019/20 (Championship - 24th) England AM 24 George Honeyman 42 1
45%
2023/24 (Championship - 7th) Ireland AM 20 Harry Vaughan 8
45%
2022/23 (Championship - 15th) Ireland AM 18 Harry Vaughan 5
45%
2022/23 (Championship - 15th) England GK 31 Karl Darlow 12
45%
2015/16 (Championship - 4th) Croatia ST 29 Nikica Jelavic 4 1
45%
2014/15 (Premier League - 18th) Croatia ST 28 Nikica Jelavic 26 8
45%
2017/18 (Championship - 18th) Nigeria RB 20 Ola Aina 44
45%
2015/16 (Championship - 4th) Northern Ireland CB 30 Alex Bruce 11 1
41%
2014/15 (Premier League - 18th) Northern Ireland CB 29 Alex Bruce 22
41%
2022/23 (Championship - 15th) England LB 22 Brandon Fleming 4
41%
2021/22 (Championship - 19th) England LB 21 Brandon Fleming 16
41%
2020/21 (League One - 1st) England LB 20 Brandon Fleming 3
41%
2019/20 (Championship - 24th) England LB 19 Brandon Fleming 4
41%
2018/19 (Championship - 13th) England LB 18 Brandon Fleming 4
41%
2022/23 (Championship - 15th) Greece AM 28 Dimitrios Pelkas 26 2
41%
2017/18 (Championship - 18th) Wales RW 20 Harry Wilson 13 7
41%
2014/15 (Premier League - 18th) Wales CB 25 James Chester 23 2
41%
2023/24 (Championship - 7th) Belgium RW 25 Jason Lokilo 18
41%
2019/20 (Championship - 24th) Jamaica DM 25 Kevin Stewart 27 2
41%
2018/19 (Championship - 13th) Jamaica DM 24 Kevin Stewart 27
41%
2017/18 (Championship - 18th) Jamaica DM 23 Kevin Stewart 17
41%
2018/19 (Championship - 13th) Norway CM 25 Markus Henriksen 39 2
41%
2017/18 (Championship - 18th) Norway CM 24 Markus Henriksen 31 2
41%
2016/17 (Premier League - 18th) Norway CM 23 Markus Henriksen 15
41%
2014/15 (Premier League - 18th) Ireland CB 28 Paul McShane 20 1
41%
2014/15 (Premier League - 18th) Ireland LM 22 Robbie Brady 27
41%
2023/24 (Championship - 7th) England AM 24 Scott Twine 25 4
41%
2014/15 (Premier League - 18th) England GK 39 Steve Harper 10
41%
2023/24 (Championship - 7th) England DM 21 Xavier Simons 2
41%
2022/23 (Championship - 15th) England DM 19 Xavier Simons 12
41%
2017/18 (Championship - 18th) Norway ST 27 Adama Diomande 16 1
36%
2016/17 (Premier League - 18th) Norway ST 26 Adama Diomande 22 2
36%
2015/16 (Championship - 4th) Norway ST 25 Adama Diomande 11 3
36%
2022/23 (Championship - 15th) Ghana ST 24 Benjamin Tetteh 15 1
36%
2020/21 (League One - 1st) Netherlands CB 25 Jordy de Wijs 7
36%
2019/20 (Championship - 24th) Netherlands CB 24 Jordy de Wijs 36 2
36%
2018/19 (Championship - 13th) Netherlands CB 23 Jordy de Wijs 32 1
36%
2022/23 (Championship - 15th) England RW 23 Mallik Wilks 1
36%
2021/22 (Championship - 19th) England RW 22 Mallik Wilks 20 3
36%
2020/21 (League One - 1st) England RW 21 Mallik Wilks 44 19
36%
2019/20 (Championship - 24th) England RW 20 Mallik Wilks 18 5
36%
2014/15 (Premier League - 18th) Honduras LB 31 Maynor Figueroa 3
36%
2015/16 (Championship - 4th) England RB 21 Moses Odubajo 42
36%
2022/23 (Championship - 15th) England GK 23 Nathan Baxter 12
36%
2021/22 (Championship - 19th) England GK 22 Nathan Baxter 16
36%
2016/17 (Premier League - 18th) Senegal ST 26 Oumar Niasse 17 4
36%
2022/23 (Championship - 15th) England LW 21 Ryan Longman 37 2
36%
2021/22 (Championship - 19th) England LW 20 Ryan Longman 35 4
36%
2017/18 (Championship - 18th) Sweden CM 32 Sebastian Larsson 40 2
36%
2014/15 (Premier League - 18th) Ireland CM 28 Stephen Quinn 28 1
36%
2016/17 (Premier League - 18th) Italy CB 28 Andrea Ranocchia 16 2
32%
2015/16 (Championship - 4th) England ST 19 Chuba Akpom 35 3
32%
2014/15 (Premier League - 18th) Senegal ST 29 Dame N'Doye 15 5
32%
2019/20 (Championship - 24th) United States RB 30 Eric Lichaj 29
32%
2018/19 (Championship - 13th) United States RB 29 Eric Lichaj 39
32%
2018/19 (Championship - 13th) England ST 30 Fraizer Campbell 39 12
32%
2017/18 (Championship - 18th) England ST 29 Fraizer Campbell 36 6
32%
2014/15 (Premier League - 18th) Uruguay CM 23 Gaston Ramirez 22 1
32%
2014/15 (Premier League - 18th) France AM 27 Hatem Ben Arfa 8
32%
2016/17 (Premier League - 18th) England LB 17 Josh Tymon 5
32%
2021/22 (Championship - 19th) Finland ST 22 Marcus Forss 11 1
32%
2017/18 (Championship - 18th) Jamaica CB 24 Michael Hector 36 1
32%
2015/16 (Championship - 4th) Nigeria RW 26 Sone Aluko 25 3
32%
2014/15 (Premier League - 18th) Nigeria RW 25 Sone Aluko 25 1
32%
2022/23 (Championship - 15th) Portugal CB 28 Tobias Figueiredo 22
32%
2022/23 (Championship - 15th) United States RW 18 Vaughn Covil 6
32%
2016/17 (Premier League - 18th) Senegal DM 26 Alfred N'Diaye 15 1
27%
2015/16 (Championship - 4th) Antigua & Barbuda RW 22 Calaum Jahraldo-Martin 1
27%
2016/17 (Premier League - 18th) DR Congo ST 30 Dieumerci Mbokani 12
27%
2014/15 (Premier League - 18th) Scotland LW 28 George Boyd 1
27%
2022/23 (Championship - 15th) England CM 19 Harry Wood 1
27%
2020/21 (League One - 1st) England CM 17 Harry Wood 1
27%
2019/20 (Championship - 24th) Spain AM 24 Jon Toral 14
27%
2018/19 (Championship - 13th) Spain AM 23 Jon Toral 8
27%
2017/18 (Championship - 18th) Spain AM 22 Jon Toral 27 1
27%
2016/17 (Premier League - 18th) Serbia RW 22 Lazar Markovic 12 2
27%
2019/20 (Championship - 24th) Portugal CM 20 Leonardo Lopes 40 2
27%
2014/15 (Premier League - 18th) England RB 29 Liam Rosenior 13
27%
2019/20 (Championship - 24th) Mali ST 27 Nouha Dicko 2
27%
2018/19 (Championship - 13th) Mali ST 26 Nouha Dicko 16 2
27%
2017/18 (Championship - 18th) Mali ST 25 Nouha Dicko 29 4
27%
2021/22 (Championship - 19th) England CM 30 Richard Smallwood 42 2
27%
2020/21 (League One - 1st) England CM 29 Richard Smallwood 27
27%
2016/17 (Premier League - 18th) England CM 25 Ryan Mason 16 1
27%
2019/20 (Championship - 24th) Scotland LB 24 Stephen Kingsley 8
27%
2018/19 (Championship - 13th) Scotland LB 23 Stephen Kingsley 26
27%
2017/18 (Championship - 18th) Scotland LB 22 Stephen Kingsley 11
27%
2014/15 (Premier League - 18th) Ivory Coast ST 26 Yannick Sagbo 4
27%
2018/19 (Championship - 13th) Scotland ST 29 Chris Martin 30 2
23%
2020/21 (League One - 1st) England CM 22 Daniel Batty 6
23%
2019/20 (Championship - 24th) England CM 21 Daniel Batty 30
23%
2018/19 (Championship - 13th) England CM 20 Daniel Batty 27
23%
2017/18 (Championship - 18th) England CM 19 Daniel Batty 1
23%
2021/22 (Championship - 19th) Jamaica CB 20 Di'Shon Bernard 26
23%
2017/18 (Championship - 18th) England CB 19 Fikayo Tomori 25
23%
2021/22 (Championship - 19th) England GK 19 Harvey Cartwright 2
23%
2015/16 (Championship - 4th) England DM 20 Isaac Hayden 18 1
23%
2021/22 (Championship - 19th) Scotland ST 20 James Scott 1
23%
2020/21 (League One - 1st) Scotland ST 19 James Scott 18 1
23%
2019/20 (Championship - 24th) Scotland ST 18 James Scott 7 1
23%
2016/17 (Premier League - 18th) Norway RB 24 Omar Elabdellaoui 8
23%
2018/19 (Championship - 13th) Czech Republic CB 29 Ondrej Mazuch 6
23%
2017/18 (Championship - 18th) Czech Republic CB 28 Ondrej Mazuch 13
23%
2020/21 (League One - 1st) England CB 23 Reece Burke 34 4
23%
2019/20 (Championship - 24th) England CB 22 Reece Burke 36
23%
2018/19 (Championship - 13th) England CB 21 Reece Burke 34
23%
2020/21 (League One - 1st) Austria RW 24 Thomas Mayer 6
23%
2022/23 (Championship - 15th) England ST 19 Will Jarvis 2
23%
2021/22 (Championship - 19th) England ST 18 Will Jarvis 1
23%
2018/19 (Championship - 13th) Ireland ST 25 Will Keane 8
23%
2017/18 (Championship - 18th) Ireland ST 24 Will Keane 9 1
23%
2016/17 (Premier League - 18th) Ireland ST 23 Will Keane 5
23%
2020/21 (League One - 1st) Northern Ireland RW 24 Gavin Whyte 20 4
18%
2020/21 (League One - 1st) Norway LW 23 Martin Samuelsen 5
18%
2019/20 (Championship - 24th) Norway LW 22 Martin Samuelsen 7
18%
2019/20 (Championship - 24th) Hungary ST 23 Norbert Balogh 3
18%
2015/16 (Championship - 4th) England RB 30 Ryan Taylor 4
18%
2016/17 (Premier League - 18th) Scotland AM 33 Shaun Maloney 9 1
18%
2015/16 (Championship - 4th) Scotland AM 32 Shaun Maloney 20 1
18%
2017/18 (Championship - 18th) England GK 19 Will Mannion 1
18%
2019/20 (Championship - 24th) England CB 26 Angus MacDonald 5
14%
2018/19 (Championship - 13th) England CB 25 Angus MacDonald 1
14%
2017/18 (Championship - 18th) England CB 24 Angus MacDonald 12
14%
2020/21 (League One - 1st) England AM 22 Dan Crowley 22
14%
2018/19 (Championship - 13th) France LB 24 David Milinkovic 8
14%
2017/18 (Championship - 18th) England ST 22 Greg Luer 1
14%
2015/16 (Championship - 4th) England ST 20 Greg Luer 2
14%
2022/23 (Championship - 15th) England AM 18 Harvey Vale 2
14%
2021/22 (Championship - 19th) England RB 23 Josh Emmanuel 6
14%
2020/21 (League One - 1st) England RB 22 Josh Emmanuel 28
14%
2018/19 (Championship - 13th) England LW 31 Marc Pugh 14 3
14%
2019/20 (Championship - 24th) England AM 25 Marcus Maddison 7 1
14%
2019/20 (Championship - 24th) England CB 24 Matthew Pennington 14
14%
2017/18 (Championship - 18th) England LB 21 Max Clark 27
14%
2019/20 (Championship - 24th) England RB 20 Robbie McKenzie 8
14%
2018/19 (Championship - 13th) England RB 19 Robbie McKenzie 18
14%
2019/20 (Championship - 24th) England CB 27 Ryan Tafazolli 15
14%
2022/23 (Championship - 15th) England DM 28 Ryan Woods 26
14%
2018/19 (Championship - 13th) England CB 30 Tommy Elphick 18 1
14%
2015/16 (Championship - 4th) Ireland RB 21 Brian Lenihan 1
9%
2021/22 (Championship - 19th) England CM 27 George Moncur 14
9%
2020/21 (League One - 1st) England RW 24 Hakeeb Adelakun 14 3
9%
2019/20 (Championship - 24th) England CM 20 Herbie Kane 7 2
9%
2017/18 (Championship - 18th) England CM 21 James Weir 3
9%
2020/21 (League One - 1st) England CM 24 Jordan Flores 3
9%
2019/20 (Championship - 24th) England RW 20 Josh Bowler 28 1
9%
2022/23 (Championship - 15th) England RW 25 Randell Williams 7
9%
2021/22 (Championship - 19th) England RW 24 Randell Williams 13
9%
2018/19 (Championship - 13th) England RB 24 Todd Kane 39 3
9%
2014/15 (Premier League - 18th) England RW 22 Tom Ince 7
9%
2022/23 (Championship - 15th) England CM 26 Andy Cannon 5
5%
2021/22 (Championship - 19th) England CM 25 Andy Cannon 10 1
5%
2018/19 (Championship - 13th) England CB 33 Liam Ridgewell 7
5%
2021/22 (Championship - 19th) England CM 23 Liam Walsh 3
5%
2022/23 (Championship - 15th) England RW 18 Malcolm Ebiowei 12
5%
2018/19 (Championship - 13th) England CM 18 Max Sheaf 1
5%
2015/16 (Championship - 4th) England AM 21 Nick Powell 3
5%
2020/21 (League One - 1st) England ST 20 Billy Chadwick 3
0%
2019/20 (Championship - 24th) England LW 18 James Berry-McNally 1
0%
2021/22 (Championship - 19th) Ireland CB 17 Jevon Mills 1
0%
2021/22 (Championship - 19th) England LW 18 Josh Hinds 1
0%
No matching quizzes found
Score Distribution
Percent of People with Each Score
Percentile by Number Answered
Your Score History
You have not taken this quiz